000 00364nam a2200121Ia 4500
005 20260326100036.0
008 260326s9999||||xx |||||||||||||| ||und||
100 _aUniversidad San Francisco de Quito
245 0 _aEntre la enseñanza y la Práctica :
_b 2000-2007 /
_cUniversidad San Francisco de Quito
260 _bUSFQ
650 _aARQUITECTURA CIVIL
942 _cBK
999 _c6817
_d6817